| 000 | 00396nam a2200157Ia 4500 | ||
|---|---|---|---|
| 008 | 221030s9999 xx 000 0 und d | ||
| 041 | _aEnglish | ||
| 082 |
_a105.23 _bJot |
||
| 100 | _aN. D. Jotwani | ||
| 245 | 0 |
_aFundamentals of Programming with Fortran 77 _cby N. D. Jotwani |
|
| 250 | _a1st | ||
| 260 |
_bCharotar Pub. _aAnand _c1990 |
||
| 300 | _a216 | ||
| 650 | _aBE Computer | ||
| 942 | _cBK | ||
| 999 |
_c2441 _d2441 |
||